00708nam a2200241 a 4500001001300000003000900013005001700022008004100039020002500080082001500105100002100120245002900141260003300170300000900203500003500212505001700247650003300264650002300297902000800320942000700328952011600335999001500451nice12345678IN_TiNIC20260116013154.0050524s1985 newa grp 000 0 eng  a0883444 c612.500a261.8bHEN aHenriot, Peter J aCatholic Social Teaching aNew YorkbOrbis Books c1985 a164p aincludes index and biblioraphy2 aBibliography aSocial-Problems-christianity aCatholicism-Social bSRS cBK 001040708StackRoom-aHMIbHMId2007-07-10g612.50l0o261.8 HENp017112r2007-07-10v612.50w2005-05-24yBK c9968d9968